Personnages de fiction en images - Film/Série - Statistiques

Statistiques générales
  • Ce quiz a été pris 332 fois
  • Le résultat moyen est 10 sur 16
Statistiques - réponses
Par images Réponse % Correct
Jack
94%
Grinch
91%
Rose
91%
Sirius
85%
Tom Jedusor
82%
Peter
81%
Arthur
73%
Katniss
69%
Frodon
62%
Norbert
47%
Bellamy
39%
Minho
38%
Cesar
32%
Jake
29%
Prince Caspian
27%
Brenda
9%
Aucun quiz correspondant
Distribution des résultats
% des personnes avec chaque résultat
Percentile par nombre de réponses
Votre historique - résultats
Vous n’avez pas pris ce quiz